| 000 | 01152cam a2200301 a 4500 | ||
|---|---|---|---|
| 001 | 11880684 | ||
| 003 | OSt | ||
| 005 | 20180117085952.0 | ||
| 008 | 000103s2000 enk d 000 0 eng | ||
| 010 | _a 00020286 | ||
| 020 | _a041522280X | ||
| 020 | _a0415222818 (pbk.) | ||
| 040 |
_aDLC _cDLC _dDLC |
||
| 050 | 0 | 0 |
_aBC177 _b.W345 2000 |
| 082 | 0 | 0 |
_a153.4/3/03 _221 |
| 100 | 1 |
_aWarburton, Nigel, _d1962- |
|
| 245 | 1 | 0 |
_aThinking from A to Z / _cNigel Warburton. |
| 250 | _a2nd ed. | ||
| 260 |
_aLondon ; _aNew York : _bRoutledge, _c2000. |
||
| 300 |
_axi, 150 p. ; _c21 cm. |
||
| 650 | 0 |
_aReasoning _vDictionaries. |
|
| 650 | 0 |
_aCritical thinking _vDictionaries. |
|
| 856 | 4 | 2 |
_3Publisher description _uhttp://www.loc.gov/catdir/enhancements/fy0650/00020286-d.html |
| 906 |
_a7 _bcbc _corignew _d1 _eocip _f20 _gy-gencatlg |
||
| 942 |
_2ddc _cBK |
||
| 999 |
_c2925 _d2925 |
||